| 000 | 00814nam a2200253 4500 | ||
|---|---|---|---|
| 003 | OSt | ||
| 005 | 20240614071335.0 | ||
| 006 | a | ||
| 008 | 240614b |||||||| |||| 00| 0 eng d | ||
| 020 | _a9780415899826 | ||
| 040 |
_aDWCL-Main lib. _cOC |
||
| 082 | _aCirc. 372.357 W722L 2012 | ||
| 100 | _aWilliams, Dilafruz R | ||
| 245 | _aLearning gardens and sustainability education : bringing life to schools and schools to life / | ||
| 260 |
_aNew York : _bRoutledge, _cc2012. |
||
| 300 |
_axv, _b227 p. : ill. ; _c22 cm. |
||
| 504 | _aIncludes bibliographical references & index. | ||
| 650 | _a1. School gardens. | ||
| 650 | _a2. Environmental education. | ||
| 650 | _a3. Outdoor education. | ||
| 650 | _a4. Experimental learning. | ||
| 700 | _aDilafruz R Williams | ||
| 942 |
_2ddc _n0 _cBK-CIRC _kCirc. |
||
| 999 |
_c722 _d722 |
||